Normal view
MARC view
- Querétaro
Entry Nombre Geográfico
001 - NÚMERO DE CONTROL
- campo de control: 14977
003 - IDENTIFICADOR DE NUMERO DE CONTROL
- campo de control: UPN
005 - FECHA Y HORA DE LA ÜLTIMA TRANSACCIÓN
- campo de control: 20230511193700.0
008 - DATOS DE LONGITUD FIJA
- campo de control de longitud fija: 230511nn fcznnbaba n ana |d
035 ## - NÚMERO DE CONTROL
- Número de control: UPN10000014985
040 ## - FUENTE DE CATALOGACIÓN
- Lenguaje de catalogación: spa
- Agencia de catalogación original: MX-MxUPN
151 ## - ENCABEZAMIENTO - NOMBRE GEOGRÁFICO
- Nombre geográfico: Querétaro
- Subdivisión general : Historia
670 ## - FUENTE EN LA QUE SE LOCALIZARON DATOS
- Cita de la fuente: Escamilla González, G. Lista de encabezamientos de materia, 1978:
- Información localizada: página 709 (Querétaro -- Historia)
902 ## - CATALOGADOR
- Catalogador: MEEG/250996
- Catalogador: VíctorGodínez/110523
